000 00758nam a2200193Ia 4500
008 151119s9999||||xx |||||||||||||| ||und||
082 _a923.254
082 _bGKKV10338
100 _aगाडगीळ स रा
245 _aनवभारताचे शिल्पकार पंडित जवाहरलाल नेहरू
260 _a--
260 _b--
260 _c1994
600 _aगाडगीळ स रा
630 _aनवभारताचे शिल्पकार पंडित जवाहरलाल नेहरू
700 _aगाडगीळ स रा
730 _aनवभारताचे शिल्पकार पंडित जवाहरलाल नेहरू
942 _cBOOK
999 _c1064492
_d1064489